Pediatría / (Record no. 50238)

MARC details
000 -LEADER
campo de control de longitud fija 00832nam a2200205 i 4500
001 - NÚMERO DE CONTROL
campo de control 50238
003 - IDENTIFICADOR DE NÚMERO DE CONTROL
campo de control ES-MaACL
005 - FECHA Y HORA DE LA ÚLTIMA TRANSACCIÓN
campo de control 20230906162139.0
007 - CAMPO FIJO DE DESCRIPCIÓN FÍSICA--INFORMACIÓN GENERAL
campo de control de longitud fija t|
008 - DATOS DE LONGITUD FIJA--INFORMACIÓN GENERAL
campo de control de longitud fija 030801s1977 sp ||||1| spa d
100 1# - ENTRADA PRINCIPAL--NOMBRE DE PERSONA
Nombre de persona Cruz Hernández, Manuel.
9 (RLIN) 41829
245 10 - MENCIÓN DEL TÍTULO
Título Pediatría /
Mención de responsabilidad, etc. Manuel Cruz Hernández ; prólogo de A. Galdó.
250 ## - MENCION DE EDICION
Mención de edición 3ª ed.
260 ## - PUBLICACIÓN, DISTRIBUCIÓN, ETC.
Lugar de publicación, distribución, etc. Barcelona :
Nombre del editor, distribuidor, etc. [s.n.],
Fecha de publicación, distribución, etc. 1977 (
Fabricante Romangraf.)
300 ## - DESCRIPCIÓN FÍSICA
Extensión 3 v. :
Otras características físicas il. ;
Dimensiones 26 cm.
505 8# - NOTA DE CONTENIDO CON FORMATO
Nota de contenido con formato Contiene: 1. Neonatología. Metabolismo y nutrición. Aparato digestivo - 2. Crecimiento. Endocrinología. Aparato respiratorio. Aparato circulatorio. Sangre. Aparato urinario. Sistema nervioso - 3. Aparato locomotor. Enfermedades infecciosas. Miscelánea. Índices
650 #4 - PUNTO DE ACCESO ADICIONAL DE MATERIA--TÉRMINO DE MATERIA
Término de materia o nombre geográfico como elemento de entrada Pediatría.
9 (RLIN) 136672
700 1# - ENTRADA AGREGADA--NOMBRE PERSONAL
Nombre de persona Galdó, A.
9 (RLIN) 53354
852 ## - LOCALIZACIÓN
Ubicación ES-MaACL
Número de control de estantería A-10826-28
Holdings
Estatus retirado Estado de pérdida Estado de daño No para préstamo Biblioteca de origen Biblioteca actual Ubicación en estantería Fecha de adquisición Fuente de adquisición Total de préstamos Signatura topográfica completa Código de barras Visto por última vez Precio de reemplazo Tipo de ítem Koha
        Biblioteca del Ateneo de Madrid Biblioteca del Ateneo de Madrid Depósito 1 17/01/2008     A-10826-28 1052847 23/02/2023 23/02/2023 Libro impreso